000 00636nam a2200205Ii 4500
003 JO-AjNU
008 230605s9999||||xx |||||||||||||| ||und||
040 _aJO-AjNU
_bara
_erda
_cJO-AjNU
041 _aara
050 1 4 _aGV1071.R4412 1993
100 3 _aريفز، ستيف، م.مشارك بترسون، جيمس,
_eauthor
_916590
245 0 0 _aقوة المشي
250 _aط1
264 3 1 _aبيروت: دار العلوم العربية، 1993
300 _a208ص
336 _atext
_btxt
_2rdacontent
337 _aunmediated
_bn
_2rdamedia
338 _avolume
_bnc
_2rdacarrier
650 4 _aالمشي- الرياضة
_916591
999 _aA4952
_c8520
_d8520